000 01083cam a2200361 a 4500
001 906965
003 ARRUPE
005 20131029020009.0
008 910227s1991 enk 001 0 eng d
010 _agb 91000535
015 _aGB91-535
020 _a0745606024 (cased) :
_c£29.50
020 _a0745606032 (pbk) :
_c£8.95
035 _a(OCoLC)317845156
035 _a(OCoLC)ocn317845156
035 _a(NNC)906965
040 _aUk
_cUk
_dDLC
_dCStRLIN
050 1 4 _aJC571
_b.N683.W65 1991
100 1 _aWolff, Jonathan.
_92217
245 1 0 _aRobert Nozick, property, justice and the minimal state /
_cJonathan Wolff.
260 _aOxford :
_bPolity in association with Basil Blackwell,
_c1991.
300 _a168 p. ;
_c26 cm.
504 _aIncludes bibliography and index.
600 _aNozick, Robert
_92218
650 0 _aState, The.
_92219
650 0 _aLibertarianism
_92220
650 0 _aCivil rights.
_92221
650 0 _aAnarchism.
_92222
650 0 _aUtopias.
_92223
942 _2lcc
_cMONOGRAPH
_01
948 1 _a20060607
_bc
_crad1
_dMPS
999 _c118272
_d118272